Statistics for dan the dancer - mitski lyrics

Click here to take the quiz!

General Stats

  • This quiz has been taken 16 times
  • The average score is 123 of 181

Answer Stats

Answer% Correct
dan
100%
a
88%
dancer
88%
from
88%
his
88%
it
88%
the
88%
to
88%
and
75%
bedroom
75%
day
75%
had
75%
he
75%
in
75%
its
75%
limbs
75%
long
75%
of
75%
strength
75%
tell
75%
use
75%
very
75%
you
75%
alone
63%
back
63%
body
63%
cliff
63%
first
63%
go
63%
hand
63%
hanging
63%
he'd
63%
him
63%
i'm
63%
itself
63%
last
63%
life
63%
liked
63%
more
63%
moved
63%
never
63%
once
63%
onto
63%
return
63%
room
63%
shown
63%
than
63%
that
63%
time
63%
was
63%
wave
63%
waving
63%
when
63%
with
63%
would
63%
'cause
50%
danced
50%
door
50%
every
50%
felt
50%
goodnight
50%
hands
50%
hear
50%
her
50%
hold
50%
know
50%
let
50%
no
50%
one
50%
outside
50%
say
50%
she'd
50%
smile
50%
stretched
50%
sure
50%
whole
50%
ask
38%
couldn't
38%
course
38%
doorstep
38%
home
38%
leave
38%
so
38%
leading
25%
start
13%

Score Distribution

Percentile by Number Answered

Percent of People with Each Score

Your Score History

You have not taken this quiz